Sourcebook on atomic energy / (Record no. 12083)

MARC details
000 -LEADER
fixed length control field 00793cam a22002531i 4500
001 - CONTROL NUMBER
control field 6958264
003 - CONTROL NUMBER IDENTIFIER
control field EG-ScBUE
005 - DATE AND TIME OF LATEST TRANSACTION
control field 20260427092320.0
008 - FIXED-LENGTH DATA ELEMENTS--GENERAL INFORMATION
fixed length control field 730731s1950 enka f 001 0 eng d
035 ## - SYSTEM CONTROL NUMBER
System control number (OCoLC)666190
040 ## - CATALOGING SOURCE
Original cataloging agency DLC
Language of cataloging eng
Description conventions rda
Transcribing agency ODaWU
Modifying agency OTMC
-- OCoLC
-- DLC
-- EG-ScBUE
082 04 - DEWEY DECIMAL CLASSIFICATION NUMBER
Classification number 539.7
Edition number 22
Item number GLA
100 1# - MAIN ENTRY--PERSONAL NAME
Personal name Glasstone, Samuel,
Dates associated with a name 1897-1986,
Relator term author.
9 (RLIN) 7121
245 10 - TITLE STATEMENT
Title Sourcebook on atomic energy /
Statement of responsibility, etc by Samuel Glasstone.
264 #1 - PUBLICATION, DISTRIBUTION, ETC. (IMPRINT)
Place of publication, distribution, etc London :
Name of publisher, distributor, etc Macmillan and Co. Limited,
Date of publication, distribution, etc 1950.
300 ## - PHYSICAL DESCRIPTION
Extent 546 pages :
Other physical details illustrations ;
Dimensions 24 cm
336 ## - CONTENT TYPE
Source rdacontent
Content type term text
Content type code txt
337 ## - MEDIA TYPE
Media type term unmediated
Source rdamedia
Media type code n
338 ## - CARRIER TYPE
Carrier type term volume
Carrier type code nc
Source rdacarrier
500 ## - GENERAL NOTE
General note Includes index.
650 #7 - SUBJECT ADDED ENTRY--TOPICAL TERM
Topical term or geographic name as entry element Nuclear energy.
Source of heading or term BUEsh
9 (RLIN) 7122
655 ## - INDEX TERM--GENRE/FORM
Form subdivision Reading book
942 ## - ADDED ENTRY ELEMENTS (KOHA)
Source of classification or shelving scheme Dewey Decimal Classification
Koha item type Book - Borrowing
Holdings
Withdrawn status Lost status Source of classification or shelving scheme Damaged status Not for loan Collection code Home library Current library Shelving location Date acquired Source of acquisition Cost, normal purchase price Total Checkouts Full call number Barcode Date last seen Koha item type
    Dewey Decimal Classification     Alef-Baa Central Library Central Library First floor 29/06/2009 Purchase 150.00   539.7 GLA 000017180 15/07/2025 Book - Borrowing